000 00445nam a2200181Ia 4500
001 10488
005 20260306161836.0
008 260306t2017||||xx |||||||||||||| ||spa||
041 _aESP
082 _a937.06
_bG43D V. 1
100 _aGibbon, Edward
_eAUT
245 0 _aDecadencia y caída del imperio romano
260 _c2017
300 _acxxii, 1471 páginas :
_c23 cm.
650 _aGEN
654 _aCHU
942 _cLIB
_dJUS
_fJUS
_2ddc
_n
999 _c10488
_d10488